Fél évszázad

Elmentve itt :
Bibliográfiai részletek
Szerző: Rózsa Endre
További közreműködők: Utassy József
Dokumentumtípus: Cikk
Megjelent: 1991
Sorozat:Tiszatáj 45 No. 3
Kulcsszavak:Magyar irodalom - vers
Online Access:http://tiszataj.bibl.u-szeged.hu/14601
LEADER 00579nab a2200193 i 4500
001 tisza14601
005 20200330153930.0
008 161114s1991 hu o 0|| hun d
022 |a 0133-1167 
040 |a SZTE Tiszatáj Archívum  |b hun 
041 |a hun 
100 1 |a Rózsa Endre 
245 1 0 |a Fél évszázad  |h [elektronikus dokumentum] /  |c  Rózsa Endre 
260 |c 1991 
300 |a 39 
490 0 |a Tiszatáj  |v 45 No. 3 
695 |a Magyar irodalom - vers 
700 0 1 |a Utassy József 
856 4 0 |u http://tiszataj.bibl.u-szeged.hu/14601/1/tiszataj_1991_003_039.pdf  |z Dokumentum-elérés